Sensitive detection of viable Listeria monocytogenes by reverse transcription-PCR /

Tallennettuna:
Bibliografiset tiedot
Päätekijä: Klein, P. G.
Muut tekijät: Juneja, V. K.
Aineistotyyppi: Artikkeli
Kieli:English
Aiheet:
Tagit: Lisää tagi
Ei tageja, Lisää ensimmäinen tagi!
Thư viện lưu trữ: Thư viện Trường Đại học Đà Lạt
LEADER 00983nam a2200337 4500
001 DLU090096351
005 ##20091201
040 # # |a DLU  |b eng 
041 # # |a eng 
044 # # |a us 
100 # # |a Klein, P. G. 
245 # # |a Sensitive detection of viable Listeria monocytogenes by reverse transcription-PCR /  |c P. G. Klein, V. K. Juneja. 
653 # # |a Bacteria 
653 # # |a Biological contamination 
653 # # |a Detection 
653 # # |a Foodstuff 
653 # # |a Listeria monocytogenes 
653 # # |a Meat 
653 # # |a Messenger RNA 
653 # # |a Pathogenic 
700 # # |a Juneja, V. K. 
773 # # |t Applied and Environmental Microbiology  |g Vol. 63, no. 11 (November 1997), p. 4441-4448 
920 # # |a Phòng Tạp chí -- Trung tâm Thông tin - Thư viện Trường Đại học Đà Lạt 
994 # # |a DLU 
900 # # |a True 
911 # # |a Trương Bảo Trâm Anh 
925 # # |a G 
926 # # |a A 
927 # # |a BB 
980 # # |a Thư viện Trường Đại học Đà Lạt